Исследование и методика расчета трансформаторов малой мощности в режиме импульсной нагрузки: Диссертация на соискание ученой степени кандидата технических наук; Спец. 05.09.01

Bibliografske podrobnosti
Glavni avtor: Андерман Д. И.
Korporativna značnica: Томский политехнический институт
Drugi avtorji: Кутявин И. Д. (научный руководитель)
Jezik:ruščina
Izdano: Томск, 1973
Teme:
Format: Knjiga
KOHA link:https://koha.lib.tpu.ru/cgi-bin/koha/opac-detail.pl?biblionumber=127724

MARC

LEADER 00000nbm0a2200000 4500
001 127724
005 20231031132339.0
035 |a (RuTPU)RU\TPU\book\138170 
090 |a 127724 
100 |a 20071219d1973 k y0rusy50 ca 
101 0 |a rus 
102 |a RU 
105 |a a m 001zy 
200 1 |a Исследование и методика расчета трансформаторов малой мощности в режиме импульсной нагрузки  |e Диссертация на соискание ученой степени кандидата технических наук  |e Спец. 05.09.01  |f Д. И. Андерман  |g Томский политехнический институт ; науч. рук. И. Д. Кутявин 
210 |a Томск  |d 1973 
215 |a 146 л.  |c ил. 
320 |a Библиогр.: с. 131-136 (68 назв.) 
610 1 |a диссертации 
610 1 |a электрические машины 
610 1 |a импульсные нагрузки 
610 1 |a трансформаторы 
610 1 |a малая мощность 
610 1 |a расчет 
610 1 |a переходные процессы 
610 1 |a экспериментальные исследования 
675 |a 621.314.2.001.2  |v 3 
686 |a 05.09.01  |2 oksvnk 
700 1 |a Андерман  |b Д. И. 
702 1 |a Кутявин  |b И. Д.  |4 727 
712 0 2 |a Томский политехнический институт  |z 1944-1991  |2 stltpush  |3 (RuTPU)RU\TPU\col\1123 
801 1 |a RU  |b 63413507  |c 20071219  |g PSBO 
942 |c BK